Vendor selection by application of revised weighting method and fuzzy multicriteria linear programming

Vendor selection in supply chain is a multicriteria problem that involves a number of quantitative and qualitative factors. This work deals with a concrete problem of flour purchase by a company that manufactures bakery products. The criteria for vendor selection and quantities supplied by individua...

Teljes leírás

Elmentve itt :
Bibliográfiai részletek
Szerzők: Perić Tunjo
Babić Zoran
Dokumentumtípus: Könyv része
Megjelent: 2010
Sorozat:Proceedings of the Challenges for Analysis of the Economy, the Businesses, and Social Progress : International Scientific Conference Szeged, November 19-21, 2009
Kulcsszavak:Lineáris programozás - fuzzy
Online Access:http://acta.bibl.u-szeged.hu/57874
LEADER 01521naa a2200205 i 4500
001 acta57874
005 20260224081030.0
008 190515s2010 hu o 100 hun d
020 |a 978-963-06-9558-9 
040 |a SZTE Egyetemi Kiadványok Repozitórium  |b hun 
041 |a hun 
100 1 |a Perić Tunjo 
245 1 0 |a Vendor selection by application of revised weighting method and fuzzy multicriteria linear programming  |h [elektronikus dokumentum] /  |c  Perić Tunjo 
260 |c 2010 
300 |a 1317-1342 
490 0 |a Proceedings of the Challenges for Analysis of the Economy, the Businesses, and Social Progress : International Scientific Conference Szeged, November 19-21, 2009 
520 3 |a Vendor selection in supply chain is a multicriteria problem that involves a number of quantitative and qualitative factors. This work deals with a concrete problem of flour purchase by a company that manufactures bakery products. The criteria for vendor selection and quantities supplied by individual vendors are: purchase costs, product quality and reliability of vendor. The problem of vendor selection is solved by a model that combines revised weighting method and fuzzy linear programming. The study points to the advantages of using the combination of the two methods in comparison to the separate use of one of them only. 
695 |a Lineáris programozás - fuzzy 
700 0 1 |a Babić Zoran  |e aut 
856 4 0 |u http://acta.bibl.u-szeged.hu/57874/1/proceedings_of_the_challenges_for_analysis_1317-1342.pdf  |z Dokumentum-elérés